000 01364nam a22004217a 4500
003 CHAP
005 20220817043701.0
008 000613d1999 it rn 00110 fre d
010 _a81526
011 _a82498
020 _a9252043810
035 _a92995
040 _cCHAP
082 0 4 _a348.4
_bF3f v.69
110 2 _aFAO
245 1 0 _aÉlaboration des réglementations nationales de gestion des ressources en eau :
_bprincipes et pratiques
_c/ par Dominique Bichara, Stefano Burche
260 _aRome :
_bFAO,
_c1999.
300 _a297 p.
410 _aFAO
490 0 _aFAO. Estudio legislativo
_v; 69
590 _aBATCH-UPD
_b10
_c20130110
_lUCH01
_h0744
590 _aBATCH-UPD
_b10
_c20130410
_lUCH01
_h0425
590 _aBATCH-UPD
_b10
_c20130914
_lUCH01
_h0626
590 _aBATCH-UPD
_b10
_c20141001
_lUCH01
_h1312
590 _aCONVERSION
_b10
_c20130109
_lUCH01
_h1345
650 1 4 _aAgua
_xAprovechamiento.
_92282
650 1 4 _aAgua
_xLeyes.
_92378
650 1 4 _aAgua
_xUtilización.
_92401
650 1 4 _aPolítica hidráulica.
_990652
700 0 _aBichara, Dominique.
_912606
700 0 _aBurch, Stefano.
_916108
810 0 _aFAO
830 0 0 _aFAO. Estudio legislativo
_v; 69
_939542
901 _aBK
905 _aPatricia Mendoza P.
942 _cLIBRO
949 _a348.4 F3f v.69
_bBC
_cFAO
_d33724000780003
_eFAO1
_h98040
_i92995
_kDonaciØn
_sb
999 _c81526
_d81526